=LDR 00000nam 2200000 4500 =001 INLIS000000000021723 =005 20130612120544 =008 ***********************************Ind** =035 ##$$0010-061300000021723 =041 ##$$a Ind =082 ##$$a 425 =090 ##$$a 425, Wid m =100 ##$$a Widodo =245 ##$$a Modern english grammar, sistim tabel dan formulasi, Widodo =260 ##$$a 1997 $b Surabaya =300 ##$$a vii,191 hlm, 21 cm =650 ##$$a Bahasa Inggris =850 ##$$a NBPNMAT